000 00922cam a22003137a 4500
003 CHAP
005 20220329135340.0
008 971013s r 00010 d
010 _a34862
011 _a35834
035 _a39951
040 _cCHAP
090 _aD-137
110 2 _aENA
_936669
245 1 0 _aMurales de la capilla (Diapositiva)
260 _aChapingo, Méx. :
_bENA,
_c(s.a.)
300 _a16 diapositivas
_b: col. 2x2 plg. (8 guias)
590 _aBATCH-UPD
_b10
_c20130110
_lUCH01
_h1710
590 _aBATCH-UPD
_b10
_c20130410
_lUCH01
_h1056
590 _aBATCH-UPD
_b10
_c20130914
_lUCH01
_h1302
590 _aCONVERSION
_b10
_c20130109
_lUCH01
_h1320
650 1 4 _aENA
_xHistoria.
_936672
650 1 4 _aPintores mexicanos.
_988310
650 1 4 _aPintura mural
_xMéxico.
_988314
700 0 _aRivera, Diego.
_997781
901 _aBK
942 _cD
949 _aD-137
_bBC
_cD
_d-91236
_eD
_h63421
_i39951
_si
999 _c34862
_d34862